| 000 | 00430nam a2200181Ia 4500 | ||
|---|---|---|---|
| 005 | 20260615125254.0 | ||
| 008 | 131103s9999 xx 000 0 und d | ||
| 040 | _aLoreto College | ||
| 041 | _aEnglish | ||
| 082 |
_a844 _bMON |
||
| 100 | _aMontaigne, Michel De | ||
| 245 |
_aEssais _cMichel De Montaigne |
||
| 260 |
_aParis _bNelson _c1937 |
||
| 300 | _a480p. | ||
| 650 | _aFrench fiction | ||
| 850 | _aLCLIB | ||
| 942 | _cBK | ||
| 999 |
_c24031 _d74510 |
||